[Event "KEN Nat Team Selection (Women)"]
[Site "Ruaraka"]
[Date "2023.01.29"]
[Round "11"]
[White "Elizabeth, Cassidy Maina"]
[Black "Madelta, Glenda"]
[Result "1-0"]
[WhiteElo "1295"]
[BlackElo "1600"]
[PlyCount "107"]
[EventDate "2023.01.20"]
[EventType "tourn"]
[EventRounds "11"]
[EventCountry "KEN"]
[SourceTitle "CBM 213 Extra"]
[Source "ChessBase"]
[SourceDate "2023.05.31"]
[SourceVersion "1"]
[SourceVersionDate "2023.05.31"]
[SourceQuality "1"]

1. e4 e6 2. d3 d5 3. Nd2 Nc6 4. Ngf3 dxe4 5. dxe4 Nf6 6. Bc4 Bd6 7. 0-0 0-0 8. Re1 e5 9. c3 h6 10. Nf1 a6 11. Ng3 Bc5 12. Be3 Qe7 13. Qe2 Bxe3 14. Qxe3 Ng4 15. Qe2 Rd8 16. h3 Nf6 17. Rad1 Be6 18. Bxe6 Qxe6 19. b3 Ne7 20. Rxd8+ Rxd8 21. Rd1 Rd6 22. Rd3 Qd7 23. Nxe5 Qe6 24. Nc4 Rd7 25. Qd2 b5 26. Ne3 Nc6 27. Rxd7 Nxd7 28. Qd5 Nce5 29. f4 Nc6 30. e5 Nb6 31. Qxe6 fxe6 32. Ne4 Ne7 33. Nc5 Nbd5 34. Nxd5 Nxd5 35. Nxe6 Kf7 36. f5 Nxc3 37. Nxc7 Nxa2 38. Nxa6 Nc1 39. Nc7 Nxb3 40. Nxb5 Nc5 41. Nd6+ Ke7 42. Nc8+ Kd8 43. Nb6 h5 44. g4 hxg4 45. hxg4 Nd3 46. Nc4 Ke7 47. Kg2 g6 48. Kg3 gxf5 49. gxf5 Nxe5 50. Nxe5 Kf6 51. Kg4 Kxe5 52. Kg5 Kd6 53. Kg6 Ke7 54. Kg7 1-0

[Event "KEN Nat Team Selection (Women)"]
[Site "Ruaraka"]
[Date "2023.01.20"]
[Round "1"]
[White "Madelta, Glenda"]
[Black "Kimani, Wanjiru"]
[Result "1-0"]
[WhiteElo "1600"]
[BlackElo "1282"]
[PlyCount "95"]
[EventDate "2023.01.20"]
[EventType "tourn"]
[EventRounds "11"]
[EventCountry "KEN"]
[SourceTitle "CBM 213 Extra"]
[Source "ChessBase"]
[SourceDate "2023.05.31"]
[SourceVersion "1"]
[SourceVersionDate "2023.05.31"]
[SourceQuality "1"]

1. d4 d6 2. d5 e5 3. e4 g6 4. c4 Bg7 5. Bd3 Nd7 6. Ne2 Nh6 7. Ng3 Nc5 8. Bc2 0-0 9. 0-0 f5 10. Bxh6 Bxh6 11. exf5 gxf5 12. Qh5 Qg5 13. Nc3 Bd7 14. f4 exf4 15. Qxg5+ Bxg5 16. Nh5 Rae8 17. Nxf4 a6 18. a4 Ne4 19. Nxe4 fxe4 20. Ne2 Bg4 21. Ng3 e3 22. Ne4 Rxf1+ 23. Kxf1 Rf8+ 24. Ke1 Bh6 25. Ra3 e2 26. Nf2 Rxf2 27. Kxf2 Bd2 28. Ra1 Kg7 29. h3 e1Q+ 30. Rxe1 Bxe1+ 31. Kxe1 Bd7 32. Kf2 a5 33. Kg3 Kf6 34. Kh4 Be8 35. Bd1 Bg6 36. b3 Be4 37. g3 c6 38. dxc6 bxc6 39. Kh5 d5 40. cxd5 cxd5 41. g4 d4 42. g5+ Kg7 43. Kg4 Kg6 44. h4 Bf5+ 45. Kf4 Be6 46. h5+ Kg7 47. Ke5 Bf7 48. Kxd4 1-0

[Event "KEN-ch (Women)"]
[Site "Nairobi"]
[Date "2022.12.26"]
[Round "2"]
[White "Madelta, Glenda"]
[Black "Kagambi, Angel"]
[Result "1-0"]
[WhiteElo "1565"]
[BlackElo "1201"]
[PlyCount "85"]
[EventDate "2022.12.26"]
[EventType "swiss"]
[EventRounds "9"]
[EventCountry "KEN"]
[SourceTitle "EXT 2024"]
[Source "ChessBase"]
[SourceDate "2023.10.10"]
[SourceVersion "1"]
[SourceVersionDate "2023.10.10"]
[SourceQuality "1"]

1. d4 d5 2. Bf4 Nf6 3. e3 e6 4. Bd3 Bd6 5. Bg3 Nbd7 6. Nf3 b6 7. Nbd2 Bb7 8. Ne5 Bxe5 9. dxe5 Ne4 10. Bxe4 dxe4 11. Qg4 g6 12. Nxe4 h5 13. Qf3 h4 14. Bf4 Nc5 15. Nf6+ Qxf6 16. Qxb7 Nxb7 17. exf6 Nd6 18. Bxd6 cxd6 19. e4 g5 20. 0-0-0 0-0-0 21. Rd3 Rh6 22. Rf3 Rg6 23. Rd1 Kc7 24. Rc3+ Kb7 25. e5 d5 26. f3 Rh8 27. h3 Rgg8 28. Rd4 Rg6 29. Kd2 Rh5 30. Rdd3 b5 31. a4 a6 32. axb5 axb5 33. Rb3 Kc6 34. Rdc3+ Kb6 35. Rc8 Kb7 36. Rf8 Rh7 37. Rb4 Kb6 38. Rb8+ Kc7 39. R8xb5 Rg8 40. Rb7+ Kc6 41. Kd3 Rd8 42. Kd4 Rd7 43. R4b6# 1-0

[Event "All Africa Games Kenya qual (Women)"]
[Site "Nairobi"]
[Date "2019.02.02"]
[Round "3.1"]
[White "Berita, Atemo"]
[Black "Madelta, Glenda"]
[Result "0-1"]
[WhiteElo "1344"]
[BlackElo "1273"]
[PlyCount "79"]
[EventDate "2019.02.01"]
[EventType "swiss"]
[EventRounds "6"]
[EventCountry "KEN"]
[SourceTitle "EXT 2024"]
[Source "ChessBase"]
[SourceDate "2023.10.10"]
[SourceVersion "1"]
[SourceVersionDate "2023.10.10"]
[SourceQuality "1"]

1. e4 e6 2. Nf3 d5 3. exd5 exd5 4. c3 Nf6 5. d4 Bd6 6. Bb5+ c6 7. Ba4 0-0 8. 0-0 Bg4 9. Bg5 Nbd7 10. Bc2 Qc7 11. h3 Bh5 12. Nbd2 Rfe8 13. Bf5 Ne4 14. Be3 Ndf6 15. g4 Bg6 16. Nh4 Bh2+ 17. Kg2 Ng3 18. Re1 Nge4 19. Ndf3 Bg3 20. Nxg6 fxg6 21. Bxe4 Nxe4 22. Ng5 Bh4 23. Nxe4 Rxe4 24. Qd3 Rf8 25. Qd2 Qf7 26. Re2 Qf3+ 27. Kh2 Bd8 28. Rg1 Bc7+ 29. Rg3 Bxg3+ 30. fxg3 Rfe8 31. Rg2 Rxe3 32. c4 Re2 33. Rxe2 Rxe2+ 34. Qxe2 Qxe2+ 35. Kg1 Qxc4 36. a3 a5 37. g5 b5 38. h4 b4 39. axb4 axb4 40. Kh1 0-1